000 00287nam a22001337a 4500
008 170314b xxu||||| |||| 00| 0 eng d
020 _a9780787267001
041 _aeng
080 _25 ED
_a591
100 _a7
101 _aSHM
245 _aANIMAL PHYSIOLOGY
_cOTTIS,K
942 _2udc
_cBK
999 _c7785
_d7785